Регионална библиотека "Любен Каравелов" - Русе

Маслина (Запис номер 30813)

MARC детайли
000 -Лидер
Контролно поле с фиксирана дължина 01312nam a2200301 c 4500
003 - Код на организацията, давaща контролен номер
Контролно поле BLK
005 - Дата и час на последна редакция
Контролно поле 20240229004012.0
008 - Елементи от данни с фиксирана дължина
fixed length control field 180407b bul|||||r ||||||| ||bul||
010 ## - Наследен системен номер
LC control number KNG00033451000
020 ## - Международен стандартен номер на книга ISBN
Международен стандартен номер на книга ISBN 954-9559-51-3
-- издат.: Захарий Стоянов
040 ## - Източник на каталожния запис
Идентификатор на билиотеката - собственик на записа BLK
041 ## - Код за език
Код за езика на текст/звукозапис или на отделно заглавие Български
Код за езика КДБФ Български
080 ## - УДК
Текстов определител УДК Българска литература
УДК код - определител по УДК 821.163.2
УДК определител -31
УДК - код + определител 821.163.2-31
100 1# - Редна дума - Автор
Автор Райчев, Чанко Георгиев
Авторска отговорност първи автор
R(LIN) 245571
139 ## - Редно поле
Редна дума Райчев, Чанко Георгиев
Авторски знак Раич - Р 29
245 10 - Сведения за заглавието
Заглавие Маслина
Подзаглавни данни Роман
Редно поле (дума) Чанко Георгиев Райчев; послесл. от Иван Гранитски.
257 ## - Страна на издаване
Страна на създаване/издаване България
260 ## - Област на издателските данни
-- София
Име на издателя, разпространителя и проч. Захарий Стоянов
Година на издаване 1998
Печатница София : Вулкан 4
300 ## - Физическа характеристика
Страници 304 с.
Размери/Мащаб 20 см
380 ## - Жанр
Жанр Худож. лит.
700 1# - Други автори (авторска отговорност)
Лично име Гранитски, Иван
Пълна форма на името Димитров, Иван Йорданов
Дати, свързани с автора 1953-
Друга информация Журналист, литературен критик, теоретик и историк, поет, публицист и издател.
Автороска отговорност (Описва отношението между автора и произведението) послесл. от
9 (RLIN) 55767
852 ## - Местоположение
Форматна сигнатура Цб 205968
856 4# - Електронен адрес и достъп
Електронен формат pdf - файл
Път до файла /url/
856 4# - Електронен адрес и достъп
Електронен формат pdf - файл
Път до файла /url/
942 ## - АРТИКУЛИ
Вид на библиотечния материал Книги
Скрит в OPAC Не
Koha issues (borrowed), all copies 1
944 ## - СЪЗДАВАНЕ И РЕДАКЦИЯ на ЗАПИСА
Създаване/Редакция Създаване
Дата на регистрацията/редакция 15.01.2003
Служител, извършил регистрацията/редакцията
Статус, дата на статуса CRON CRON
944 ## - СЪЗДАВАНЕ И РЕДАКЦИЯ на ЗАПИСА
Създаване/Редакция Редакция
Дата на регистрацията/редакция 22.07.2004
Служител, извършил регистрацията/редакцията
999 ## - СИСТЕМНИ КОНТРОЛНИ НОМЕРА
Koha biblionumber 30813
Koha biblioitemnumber 30813
Наличности
Код за отписване Код за изгубен артикул Източник на класификационната схема Код за повреда Коз за рестрикции Код за отдаване Артикулен № Име на библиотеката - собственик Име на библиотеката, в която се намира в момента Статус (Текущо местоположение) Дата на вписване в системата Местоположение - отдел Цена в лева Инвентарен номер Систематично азбучна сигнатура Баркод Номер на екземпляра Цена в евро Служебна бележка Служебен тип на артикула
  Не е изгубен Universal Decimal Classification Не е повреден без рестрикции заемане за дома 49317 Регионална библиотека "Любен Каравелов" Русе Регионална библиотека "Любен Каравелов" Русе Заемна - подръчен фонд 2001-01-01 Заемна - подръчен фонд 4.00 659219 П 886.7-31/Р 29 120000659219 1 2.05 Дост: Pk Вид: Ф N: стар фонд Дата: 01.01.2001 Дата инв: 12.02.2018 Бележки инв: П2018 Книги
  Не е изгубен Universal Decimal Classification Не е повреден без рестрикции ползва се в читалня 49318 Регионална библиотека "Любен Каравелов" Русе Регионална библиотека "Любен Каравелов" Русе Хранилище 2004-07-12 Хранилище 0.00 120000686892 Цб 205968 120000686892 2 0.00 Дост: Dp Вид: Д N: 37 Дата: 03.09.2003 Книги
Vip Innovations Ltd, Rousse, Bulgaria 2025